000 00709nam a2200289Ia 4500
005 20260324143338.0
008 008 260324s9999 xx 000 0 eng d
020 _a9780429301377
037 _aEBOOK
040 _aCRL
040 _beng
040 _cCRL
041 _2eng
041 _aeng
084 _qCRL
100 _aAndrea Chandler; Charles F Furtado
_91215302
245 0 _aPerestroika In The Soviet Republics
245 0 _bDocuments On The National Question
260 _bTaylor and Francis
260 _c1992
365 _a
365 _b230
856 _uhttp://www.taylorfrancis.com/books/9780429301377
942 _cEBOOK
999 _c1820576
_d1820576